Sunken Ships Quiz - Statistics

General Stats
  • This quiz has been taken 119 times
  • The average score is 4 of 7
Answer Stats
Date Location of Sinking Cause of Sinking # Survivors Ship % Correct
April 14 - 15,1912 Atlantic Ocean Struck by an iceberg 706 RMS Titanic
99%
May 7, 1915 Coast of Ireland Sunk by German submarine torpedo None Lusitania
76%
November 21, 1916 Island of Kea, Greece Sunk by naval mine near Kea 1,035 HMHS Britannic
55%
November 10, 1975 Lake Superior Sunk in violent storm None SS Edmund Fitzgerald
52%
January 30, 1945 Baltic Sea Sunk by Soviet submarine torpedoes x3 996 MV Wilhelm Gustloff
42%
July 17, 1918 Coast of Ireland Sunk by German submarine torpedo 157 RMS Carpathia
24%
March 1, 1694 Coast of Gibraltar Sunk in violent storm 2 HMS Sussex
4%
No matching quizzes found
Score Distribution
Percent of People with Each Score
Percentile by Number Answered
Your Score History
You have not taken this quiz